000 00877nam a2200277 i 4500
003 DO-SdBNP
005 20230524141659.0
007 ta
008 230524b1959 sp ||||| |||| 00| 0 spa d
040 _aDO-SdBNP
_bspa
_cBNPHU
_erda
082 4 _222
100 _aEsquilo
_eautor
_983451
245 1 0 _aTragedias /
_cEsquilo ; versión Jorge Montsiá ; prólogo Emiliano M. Aguilera
264 4 _aBarcelona :
_bIberia,
_c1959.
300 _a228 páginas
_c19 cm.
336 _2rdacontent
_atexto
_btxt
337 _2rdamedia
_asin mediación
_bn
338 _2rdacarrier
_avolumen
_bnc
490 _aObras Maestras
500 _aIncluye referencias bibliográficas y notas al pie de las páginas
590 _aInventariado, 2023/BT
700 1 _aMontsiá, Jorge
_etexto
_983452
710 _aM. Aguilera, Emiliano,
_eprólogo
_983453
910 _aBtavárez
942 _2ddc
_cLBS1
999 _c53609
_d53609